[Event "DVM U16 2019"]
[Site "Magedburg"]
[Date "2019.12.28"]
[Round "4"]
[White "Woelk, Tom-Frederic"]
[Black "Koll, Linus"]
[Result "1-0"]
[WhiteElo "2245"]
[BlackElo "1987"]
[Annotator "NA"]
[PlyCount "63"]
[EventDate "2019.12.27"]
[EventType "team-tourn"]
[EventRounds "7"]
[EventCountry "GER"]
[SourceTitle "playchess.com"]
[Source "ChessBase"]
[SourceQuality "1"]
[WhiteTeam "Hamburger SK"]
[BlackTeam "Karlsruher SF"]
[WhiteTeamCountry "GER"]
[BlackTeamCountry "GER"]
[TimeControl "40/5400+30:1800+30"]

1. d4 {[%emt 0:00:00]} Nf6 {[%emt 0:00:00]} 2. c4 {[%emt 0:00:00]} g6 {[%emt 0:00:00]} 3. Nc3 {[%emt 0:00:00]} Bg7 {[%emt 0:00:00]} 4. e4 {[%emt 0:00:00]} d6 {[%emt 0:00:00]} 5. f4 {[%emt 0:00:00]} O-O {[%emt 0:02:27]} 6. Nf3 {[%emt 0:00:00]} c5 {[%emt 0:04:32]} 7. d5 {[%emt 0:00:00]} e6 {[%emt 0:15:41]} 8. Be2 {[%emt 0:00:03]} exd5 {[%emt 0:00:46]} 9. cxd5 {[%emt 0:00:04]} Re8 {[%emt 0:02:08]} 10. e5 {[%emt 0:00:05]} dxe5 {[%emt 0:05:23]} 11. fxe5 {[%emt 0:00:02]} Ng4 {[%emt 0:01:08]} 12. e6 {[%emt 0:00:04]} fxe6 {[%emt 0:01:10]} 13. Bg5 {[%emt 0:00:06]} Qb6 {[%emt 0:02:20]} 14. Qd2 {[%emt 0:00:32]} Bxc3 {[%emt 0:36:16]} 15. bxc3 {[%emt 0:06:47]} exd5 {[%emt 0:05:08]} 16. O-O {[%emt 0:04:31]} c4+ {[%emt 0:13:40]} 17. Nd4 {[%emt 0:03:17]} Nc6 {[%emt 0:02:06]} 18. Qf4 {[%emt 0:13:59]} Bf5 {[%emt 0:04:38]} 19. Bf3 {[%emt 0:12:39]} Nxd4 {[%emt 0:00:05]} 20. cxd4 {[%emt 0:00:08]} Ne3 {[%emt 0:00:46]} 21. g4 {[%emt 0:01:06]} Nxf1 {[%emt 0:01:32]} 22. gxf5 {[%emt 0:00:44]} Ne3 {[%emt 0:00:21]} 23. f6 {[%emt 0:00:51]} Qe6 {[%emt 0:00:46]} 24. Re1 {[%emt 0:00:56]} Qf5 {[%emt 0:00:29]} 25. Rxe3 {[%emt 0:00:07]} Qxf4 {[%emt 0:00:33]} 26. Bxd5+ {[%emt 0:00:07]} Kh8 {[%emt 0:00:29]} 27. Rxe8+ {[%emt 0:00:07]} Rxe8 {[%emt 0:00:05]} 28. Bxf4 {[%emt 0:00:04]} Rd8 {[%emt 0:00:36]} 29. Be5 {[%emt 0:00:12]} h6 {[%emt 0:00:21]} 30. Bxc4 {[%emt 0:01:13]} g5 {[%emt 0:00:36]} 31. f7+ {[%emt 0:00:15]} Kh7 {[%emt 0:00:09]} 32. Bd3# {[%emt 0:00:37] normal} 1-0

[Event "DVM U16 2019"]
[Site "Magedburg"]
[Date "2019.12.28"]
[Round "4"]
[White "Dietz, Florian"]
[Black "Biermann, Florian"]
[Result "1-0"]
[WhiteElo "2116"]
[BlackElo "2044"]
[Annotator "ChessBase"]
[PlyCount "118"]
[EventDate "2019.12.27"]
[EventType "team-tourn"]
[EventRounds "7"]
[EventCountry "GER"]
[SourceTitle "playchess.com"]
[Source "ChessBase"]
[SourceQuality "1"]
[WhiteTeam "Reideburger SV 90 Halle"]
[BlackTeam "SG Bochum"]
[WhiteTeamCountry "GER"]
[BlackTeamCountry "GER"]
[TimeControl "40/5400+30:1800+30"]

1. e4 {[%emt 0:00:00]} c5 {[%emt 0:00:00]} 2. Nf3 {[%emt 0:00:00]} d6 {[%emt 0:00:00]} 3. d4 {[%emt 0:00:00]} cxd4 {[%emt 0:00:15]} 4. Nxd4 {[%emt 0:00:00]} Nf6 {[%emt 0:00:08]} 5. Nc3 {[%emt 0:00:06]} a6 {[%emt 0:00:15]} 6. Bg5 {[%emt 0:00:47]} e6 {[%emt 0:00:17]} 7. f4 {[%emt 0:00:29]} h6 {[%emt 0:00:08]} 8. Bh4 {[%emt 0:01:04]} Be7 {[%emt 0:00:08]} 9. Qf3 {[%emt 0:00:41]} Qc7 {[%emt 0:00:28]} 10. O-O-O {[%emt 0:00:48]} Nbd7 {[%emt 0:00:10]} 11. Bd3 {[%emt 0:01:53]} g5 {[%emt 0:00:19]} 12. fxg5 {[%emt 0:01:13]} Ne5 {[%emt 0:00:16]} 13. Qe2 {[%emt 0:01:22]} Nfg4 {[%emt 0:00:52]} 14. Nf3 {[%emt 0:02:01]} Nxf3 {[%emt 0:02:11]} 15. gxf3 {[%emt 0:14:57]} hxg5 {[%emt 0:00:21]} 16. Be1 {[%emt 0:00:40]} Ne5 {[%emt 0:01:29]} 17. Bd2 {[%emt 0:00:45]} Ng6 {[%emt 0:20:38]} 18. Kb1 {[%emt 0:12:05]} b5 {[%emt 0:03:54]} 19. Qf2 {[%emt 0:05:13]} Bb7 {[%emt 0:08:51]} 20. Be3 {[%emt 0:07:47]} Bc6 {[%emt 0:13:57]} 21. Ne2 {[%emt 0:03:50]} Qb7 {[%emt 0:13:42]} 22. Rhg1 {[%emt 0:13:08]} Rh5 {[%emt 0:01:50]} 23. f4 {[%emt 0:06:42]} gxf4 {[%emt 0:04:24]} 24. Nxf4 {[%emt 0:01:03]} Nxf4 {[%emt 0:00:43]} 25. Bxf4 {[%emt 0:05:32]} O-O-O {[%emt 0:02:06]} 26. Bd2 {[%emt 0:04:37]} Rf8 {[%emt 0:09:37]} 27. Bb4 {[%emt 0:09:02]} a5 {[%emt 0:03:33]} 28. Be2 {[%emt 0:03:55]} Re5 {[%emt 0:03:54]} 29. Bxd6 {[%emt 0:01:22]} Rxe4 {[%emt 0:05:42]} 30. Qc5 {[%emt 0:01:30]} Rxe2 {[%emt 0:02:35]} 31. Bxe7 {[%emt 0:00:15]} Re5 {[%emt 0:01:51]} 32. Qxe5 {[%emt 0:01:19]} Qxe7 {[%emt 0:00:06]} 33. Rd6 {[%emt 0:00:47]} Kb7 {[%emt 0:00:21]} 34. Rgd1 {[%emt 0:00:52]} Qc7 {[%emt 0:00:41]} 35. Qc5 {[%emt 0:00:47]} Rh8 {[%emt 0:00:12]} 36. a3 {[%emt 0:00:44]} Rxh2 {[%emt 0:00:31]} 37. Rxc6 {[%emt 0:00:22]} Qxc6 {[%emt 0:00:10]} 38. Qe7+ {[%emt 0:00:03]} Qc7 {[%emt 0:01:00]} 39. Rd7 {[%emt 0:00:07]} Rxc2 {[%emt 0:00:05]} 40. Qxf7 {[%emt 0:00:51]} Rc1+ {[%emt 0:01:19]} 41. Ka2 {[%emt 0:30:04]} a4 {[%emt 0:01:17]} 42. Qxe6 {[%emt 0:00:00]} Rc6 {[%emt 0:00:33]} 43. Rxc7+ {[%emt 0:00:00]} Kxc7 {[%emt 0:00:07]} 44. Qe3 {[%emt 0:00:00]} Kb7 {[%emt 0:01:09]} 45. Qd3 {[%emt 0:00:00]} Rc4 {[%emt 0:02:22]} 46. Kb1 {[%emt 0:00:00]} Kb6 {[%emt 0:00:57]} 47. Qd5 {[%emt 0:00:00]} Ka6 {[%emt 0:01:24]} 48. Qa8+ {[%emt 0:00:00]} Kb6 {[%emt 0:00:12]} 49. Qd8+ {[%emt 0:00:00]} Kb7 {[%emt 0:00:25]} 50. Qa5 {[%emt 0:00:00]} Kc6 {[%emt 0:06:40]} 51. Qa6+ {[%emt 0:00:00]} Kc5 {[%emt 0:00:06]} 52. Qb7 {[%emt 0:00:00]} Rd4 {[%emt 0:02:44]} 53. Qc7+ {[%emt 0:00:00]} Kd5 {[%emt 0:00:27]} 54. Qb6 {[%emt 0:00:00]} Kc4 {[%emt 0:01:28]} 55. Qc6+ {[%emt 0:00:00]} Kd3 {[%emt 0:00:20]} 56. Qxb5+ {[%emt 0:00:00]} Kd2 {[%emt 0:00:06]} 57. Qb4+ {[%emt 0:00:00]} Kd3 {[%emt 0:00:20]} 58. Qc3+ {[%emt 0:00:00]} Ke4 {[%emt 0:00:09]} 59. b4 {[%emt 0:00:00]} Kd5 {normal} 1-0

[Event "DVM U16 2019"]
[Site "Magedburg"]
[Date "2019.12.28"]
[Round "4"]
[White "Biermann, Lenhard"]
[Black "Henning, Marvin"]
[Result "1/2-1/2"]
[WhiteElo "2098"]
[BlackElo "1972"]
[Annotator "NA"]
[PlyCount "264"]
[EventDate "2019.12.27"]
[EventType "team-tourn"]
[EventRounds "7"]
[EventCountry "GER"]
[SourceTitle "playchess.com"]
[Source "ChessBase"]
[SourceQuality "1"]
[WhiteTeam "SG Bochum"]
[BlackTeam "Reideburger SV 90 Halle"]
[WhiteTeamCountry "GER"]
[BlackTeamCountry "GER"]
[TimeControl "40/5400+30:1800+30"]

1. d4 {[%emt 0:00:00]} g6 {[%emt 0:00:00]} 2. Bf4 {[%emt 0:02:56]} Bg7 {[%emt 0:00:00]} 3. Nc3 {[%emt 0:00:45]} a6 {[%emt 0:00:20]} 4. e3 {[%emt 0:06:01]} b5 {[%emt 0:01:40]} 5. Nf3 {[%emt 0:00:45]} Bb7 {[%emt 0:00:25]} 6. Bd3 {[%emt 0:02:32]} Nf6 {[%emt 0:00:49]} 7. O-O {[%emt 0:03:07]} O-O {[%emt 0:01:36]} 8. a4 {[%emt 0:24:17]} c6 {[%emt 0:05:06]} 9. Nb1 {[%emt 0:02:27]} d6 {[%emt 0:00:40]} 10. Nbd2 {[%emt 0:01:15]} Nbd7 {[%emt 0:01:01]} 11. Qe2 {[%emt 0:07:58]} Re8 {[%emt 0:01:52]} 12. Bg3 {[%emt 0:02:10]} e5 {[%emt 0:02:32]} 13. dxe5 {[%emt 0:00:21]} Nxe5 {[%emt 0:00:39]} 14. Nxe5 {[%emt 0:00:50]} dxe5 {[%emt 0:00:02]} 15. e4 {[%emt 0:01:20]} Nh5 {[%emt 0:01:14]} 16. Rfd1 {[%emt 0:09:43]} Nf4 {[%emt 0:04:19]} 17. Qf1 {[%emt 0:00:50]} Qd4 {[%emt 0:06:10]} 18. Ra2 {[%emt 0:09:01]} Rad8 {[%emt 0:02:32]} 19. Nf3 {[%emt 0:06:57]} Qc5 {[%emt 0:00:54]} 20. Bh4 {[%emt 0:03:59]} Rd6 {[%emt 0:04:32]} 21. Be2 {[%emt 0:00:39]} Nxe2+ {[%emt 0:04:06]} 22. Qxe2 {[%emt 0:00:09]} Qc4 {[%emt 0:00:19]} 23. Qxc4 {[%emt 0:01:16]} Rxd1+ {[%emt 0:00:02]} 24. Qf1 {[%emt 0:00:08]} Rxf1+ {[%emt 0:00:04]} 25. Kxf1 {[%emt 0:00:01]} f5 {[%emt 0:05:14]} 26. Ra1 {[%emt 0:08:12]} h6 {[%emt 0:04:41]} 27. exf5 {[%emt 0:00:32]} g5 {[%emt 0:00:24]} 28. Bg3 {[%emt 0:00:07]} e4 {[%emt 0:00:02]} 29. Nd2 {[%emt 0:01:09]} Bxb2 {[%emt 0:00:06]} 30. Re1 {[%emt 0:04:10]} bxa4 {[%emt 0:06:27]} 31. Nxe4 {[%emt 0:00:38]} Kh8 {[%emt 0:02:17]} 32. f6 {[%emt 0:00:49]} a3 {[%emt 0:01:54]} 33. f7 {[%emt 0:00:29]} Rf8 {[%emt 0:00:21]} 34. Nd2 {[%emt 0:00:35]} a2 {[%emt 0:00:48]} 35. Nb3 {[%emt 0:00:04]} Rxf7 {[%emt 0:00:24]} 36. Be5+ {[%emt 0:00:25]} Bxe5 {[%emt 0:00:02]} 37. Rxe5 {[%emt 0:00:06]} c5 {[%emt 0:05:14]} 38. Rxc5 {[%emt 0:00:55]} Be4 {[%emt 0:00:06]} 39. Ra5 {[%emt 0:01:16]} Bxc2 {[%emt 0:00:05]} 40. Nc1 {[%emt 0:00:25]} Rc7 {[%emt 0:08:31]} 41. Nxa2 {[%emt 0:11:44]} Bb3 {[%emt 0:02:03]} 42. Nb4 {[%emt 0:04:58]} Re7 {[%emt 0:00:44]} 43. f3 {[%emt 0:00:34]} Kg7 {[%emt 0:01:04]} 44. Kf2 {[%emt 0:01:30]} Bc4 {[%emt 0:00:01]} 45. Kg3 {[%emt 0:01:09]} Re6 {[%emt 0:01:00]} 46. Rc5 {[%emt 0:00:51]} Bb5 {[%emt 0:00:19]} 47. h4 {[%emt 0:06:10]} gxh4+ {[%emt 0:02:56]} 48. Kxh4 {[%emt 0:00:47]} Bf1 {[%emt 0:00:40]} 49. g4 {[%emt 0:02:36]} Be2 {[%emt 0:00:41]} 50. Kg3 {[%emt 0:00:25]} Rf6 {[%emt 0:01:38]} 51. f4 {[%emt 0:04:48]} Rg6 {[%emt 0:01:19]} 52. g5 {[%emt 0:00:15]} hxg5 {[%emt 0:00:18]} 53. fxg5 {[%emt 0:00:03]} Rd6 {[%emt 0:00:41]} 54. Nd5 {[%emt 0:00:39]} Bh5 {[%emt 0:02:28]} 55. Rc7+ {[%emt 0:00:35]} Bf7 {[%emt 0:06:08]} 56. Nf4 {[%emt 0:00:13]} Kf8 {[%emt 0:00:25]} 57. Kg4 {[%emt 0:00:38]} Rb6 {[%emt 0:00:23]} 58. Ra7 {[%emt 0:00:36]} Kg8 {[%emt 0:03:29]} 59. Nd3 {[%emt 0:00:45]} Rb3 {[%emt 0:04:21]} 60. Nf4 {[%emt 0:00:41]} Rb6 {[%emt 0:00:54]} 61. Rc7 {[%emt 0:00:24]} Kf8 {[%emt 0:00:36]} 62. Rc8+ {[%emt 0:00:28]} Kg7 {[%emt 0:00:37]} 63. Ra8 {[%emt 0:00:30]} Be6+ {[%emt 0:01:57]} 64. Kh5 {[%emt 0:00:28]} Bf7+ {[%emt 0:00:13]} 65. Kh4 {[%emt 0:00:01]} Rb4 {[%emt 0:00:37]} 66. Kg3 {[%emt 0:00:02]} Rb6 {[%emt 0:00:29]} 67. Ra7 {[%emt 0:00:10]} Kf8 {[%emt 0:00:09]} 68. Kg4 {[%emt 0:00:46]} Be6+ {[%emt 0:00:55]} 69. Kh5 {[%emt 0:00:51]} Bf7+ {[%emt 0:02:20]} 70. g6 {[%emt 0:00:11]} Bxg6+ {[%emt 0:00:32]} 71. Nxg6+ {[%emt 0:00:03]} Ke8 {[%emt 0:00:08]} 72. Kg5 {[%emt 0:00:53]} Kd8 {[%emt 0:00:15]} 73. Kf5 {[%emt 0:00:45]} Kc8 {[%emt 0:00:10]} 74. Ne5 {[%emt 0:00:24]} Kb8 {[%emt 0:00:52]} 75. Rh7 {[%emt 0:00:03]} Rb7 {[%emt 0:05:05]} 76. Rh6 {[%emt 0:01:04]} a5 {[%emt 0:01:18]} 77. Ke4 {[%emt 0:00:57]} a4 {[%emt 0:00:50]} 78. Nc4 {[%emt 0:00:51]} Ra7 {[%emt 0:01:18]} 79. Rh3 {[%emt 0:00:04]} Rg7 {[%emt 0:04:49]} 80. Ra3 {[%emt 0:00:30]} Kc7 {[%emt 0:00:36]} 81. Rxa4 {[%emt 0:00:17]} Rg1 {[%emt 0:01:28]} 82. Ra6 {[%emt 0:00:16]} Rc1 {[%emt 0:00:27]} 83. Kd5 {[%emt 0:00:14]} Rd1+ {[%emt 0:00:42]} 84. Kc5 {[%emt 0:00:03]} Kd7 {[%emt 0:00:09]} 85. Ne5+ {[%emt 0:01:06]} Ke7 {[%emt 0:00:10]} 86. Nf3 {[%emt 0:00:05]} Rh1 {[%emt 0:00:24]} 87. Kd5 {[%emt 0:00:07]} Rf1 {[%emt 0:00:37]} 88. Nd4 {[%emt 0:00:56]} Re1 {[%emt 0:00:20]} 89. Nf5+ {[%emt 0:00:15]} Kf7 {[%emt 0:00:01]} 90. Ng3 {[%emt 0:00:15]} Ke7 {[%emt 0:00:33]} 91. Ne4 {[%emt 0:00:10]} Rd1+ {[%emt 0:00:07]} 92. Ke5 {[%emt 0:00:36]} Kd7 {[%emt 0:00:10]} 93. Nf6+ {[%emt 0:00:20]} Kc7 {[%emt 0:00:25]} 94. Nd5+ {[%emt 0:00:06]} Kb7 {[%emt 0:00:07]} 95. Rb6+ {[%emt 0:00:08]} Ka7 {[%emt 0:00:00]} 96. Rb2 {[%emt 0:00:08]} Rh1 {[%emt 0:00:25]} 97. Kd6 {[%emt 0:00:45]} Rc1 {[%emt 0:00:41]} 98. Nb4 {[%emt 0:01:10]} Rh1 {[%emt 0:00:23]} 99. Nd5 {[%emt 0:01:51]} Rc1 {[%emt 0:00:05]} 100. Rb3 {[%emt 0:01:43]} Rh1 {[%emt 0:01:03]} 101. Kc6 {[%emt 0:00:30]} Rh6+ {[%emt 0:00:25]} 102. Kc5 {[%emt 0:00:08]} Rh5 {[%emt 0:00:33]} 103. Rb2 {[%emt 0:00:38]} Rg5 {[%emt 0:00:16]} 104. Kc6 {[%emt 0:00:55]} Rg6+ {[%emt 0:00:05]} 105. Kc7 {[%emt 0:00:26]} Rg7+ {[%emt 0:00:04]} 106. Kc6 {[%emt 0:00:21]} Rg6+ {[%emt 0:00:04]} 107. Kd7 {[%emt 0:00:14]} Rg1 {[%emt 0:00:55]} 108. Ne7 {[%emt 0:00:23]} Ka6 {[%emt 0:00:09]} 109. Nc8 {[%emt 0:00:38]} Rc1 {[%emt 0:00:31]} 110. Nd6 {[%emt 0:00:13]} Rd1 {[%emt 0:00:45]} 111. Kc6 {[%emt 0:00:29]} Rc1+ {[%emt 0:00:09]} 112. Kd5 {[%emt 0:00:10]} Rd1+ {[%emt 0:00:15]} 113. Kc5 {[%emt 0:00:08]} Rc1+ {[%emt 0:00:16]} 114. Nc4 {[%emt 0:00:04]} Ka7 {[%emt 0:00:41]} 115. Rb3 {[%emt 0:00:26]} Rh1 {[%emt 0:01:07]} 116. Kc6 {[%emt 0:01:11]} Rg1 {[%emt 0:03:04]} 117. Ne5 {[%emt 0:00:56]} Rc1+ {[%emt 0:00:14]} 118. Kd6 {[%emt 0:00:40]} Ka6 {[%emt 0:00:07]} 119. Nd3 {[%emt 0:00:44]} Rh1 {[%emt 0:00:35]} 120. Nf4 {[%emt 0:00:52]} Rd1+ {[%emt 0:00:28]} 121. Nd5 {[%emt 0:00:08]} Rh1 {[%emt 0:00:21]} 122. Kc5 {[%emt 0:00:58]} Rc1+ {[%emt 0:00:15]} 123. Nc3 {[%emt 0:00:15]} Rh1 {[%emt 0:00:05]} 124. Nb5 {[%emt 0:00:34]} Rc1+ {[%emt 0:00:37]} 125. Nc3 {[%emt 0:00:17]} Rh1 {[%emt 0:00:06]} 126. Ne4 {[%emt 0:00:05]} Rc1+ {[%emt 0:00:11]} 127. Kd5 {[%emt 0:00:07]} Rh1 {[%emt 0:00:56]} 128. Rb2 {[%emt 0:01:38]} Ka7 {[%emt 0:00:24]} 129. Kc6 {[%emt 0:00:15]} Rg1 {[%emt 0:00:41]} 130. Rb7+ {[%emt 0:00:40]} Ka8 {[%emt 0:00:05]} 131. Rb5 {[%emt 0:00:32]} Ka7 {[%emt 0:00:13]} 132. Nc5 {[%emt 0:00:12]} Rc1 {normal} 1/2-1/2

[Event "DVM U16 2019"]
[Site "Magedburg"]
[Date "2019.12.28"]
[Round "4"]
[White "Bethke, Robert"]
[Black "Stirnberg, Noah"]
[Result "1-0"]
[WhiteElo "2046"]
[BlackElo "1877"]
[Annotator "NA"]
[PlyCount "85"]
[EventDate "2019.12.27"]
[EventType "team-tourn"]
[EventRounds "7"]
[EventCountry "GER"]
[SourceTitle "playchess.com"]
[Source "ChessBase"]
[SourceQuality "1"]
[WhiteTeam "SF Neuberg"]
[BlackTeam "SK BS Paderborn"]
[WhiteTeamCountry "GER"]
[TimeControl "40/5400+30:1800+30"]

1. c4 Nf6 2. Nc3 e6 3. Nf3 b6 4. g3 Bb7 5. Bg2 Be7 6. d4 O-O 7. O-O d6 8. Re1 Nbd7 9. b3 c5 10. e3 Ne4 11. Nxe4 Bxe4 12. Bb2 Bf6 13. Qd2 Qc7 14. Red1 Rfd8 15. Rac1 Qb7 16. Ne1 Bxg2 17. Nxg2 Kf8 18. dxc5 dxc5 19. Bxf6 Nxf6 20. Qxd8+ Rxd8 21. Rxd8+ Ke7 22. Rcd1 Qf3 23. Ne1 Qh5 24. R8d3 Ng4 25. Nf3 Qf5 26. e4 Qh5 27. Kg2 Ne5 28. Nxe5 Qxe5 29. Rd7+ Kf6 30. f3 Qb2+ 31. R1d2 Qc3 32. f4 Qe3 33. e5+ Kg6 34. h4 Kh5 35. Kh2 Kg6 36. Rg2 f6 37. Re7 Qe4 38. Rxe6 Kf7 39. Rd6 fxe5 40. fxe5 Qxe5 41. Rd7+ Kg6 42. Rxa7 Kh6 43. Rd7 {normal} 1-0

[Event "DVM U16 2019"]
[Site "Magedburg"]
[Date "2019.12.28"]
[Round "4"]
[White "Ponomarev, Maximilian"]
[Black "Mücka, Cedric"]
[Result "1-0"]
[WhiteElo "2046"]
[BlackElo "1559"]
[Annotator "NA"]
[PlyCount "69"]
[EventDate "2019.12.27"]
[EventType "team-tourn"]
[EventRounds "7"]
[EventCountry "GER"]
[SourceTitle "playchess.com"]
[Source "ChessBase"]
[SourceQuality "1"]
[WhiteTeam "SK München Südost"]
[BlackTeam "SG Leipzig"]
[WhiteTeamCountry "GER"]
[TimeControl "40/5400+30:1800+30"]

1. e4 {[%emt 0:00:00]} c5 {[%emt 0:00:00]} 2. Nf3 {[%emt 0:00:00]} d6 {[%emt 0:00:00]} 3. d4 {[%emt 0:00:00]} cxd4 {[%emt 0:00:03]} 4. Nxd4 {[%emt 0:00:00]} Nf6 {[%emt 0:00:08]} 5. f3 {[%emt 0:00:00]} g6 {[%emt 0:00:17]} 6. c4 {[%emt 0:00:00]} Bg7 {[%emt 0:00:16]} 7. Nc3 {[%emt 0:00:05]} O-O {[%emt 0:00:19]} 8. Be3 {[%emt 0:00:15]} Nc6 {[%emt 0:00:32]} 9. Be2 {[%emt 0:00:35]} Nxd4 {[%emt 0:01:04]} 10. Bxd4 {[%emt 0:00:04]} Be6 {[%emt 0:01:06]} 11. O-O {[%emt 0:01:30]} Nd7 {[%emt 0:01:39]} 12. Bxg7 {[%emt 0:07:40]} Kxg7 {[%emt 0:00:36]} 13. Kh1 {[%emt 0:04:24]} f6 {[%emt 0:04:12]} 14. f4 {[%emt 0:07:50]} Rc8 {[%emt 0:06:27]} 15. b3 {[%emt 0:01:05]} Qa5 {[%emt 0:17:39]} 16. Rc1 {[%emt 0:17:45]} a6 {[%emt 0:09:26]} 17. Qe1 {[%emt 0:09:27]} b5 {[%emt 0:19:00]} 18. f5 {[%emt 0:13:04]} Bf7 {[%emt 0:02:37]} 19. fxg6 {[%emt 0:03:17]} hxg6 {[%emt 0:00:36]} 20. Bg4 {[%emt 0:00:38]} Rc7 {[%emt 0:14:31]} 21. Bxd7 {[%emt 0:02:35]} Rxd7 {[%emt 0:02:18]} 22. cxb5 {[%emt 0:01:21]} axb5 {[%emt 0:01:20]} 23. Rf3 {[%emt 0:04:57]} Rc8 {[%emt 0:06:25]} 24. Rd1 {[%emt 0:12:17]} Rdc7 {[%emt 0:04:12]} 25. Rdd3 {[%emt 0:06:56]} Rc5 {[%emt 0:04:07]} 26. g4 {[%emt 0:02:13]} R8c7 {[%emt 0:00:56]} 27. Kg2 {[%emt 0:00:30]} d5 {[%emt 0:01:18]} 28. Qe3 {[%emt 0:02:12]} dxe4 {[%emt 0:00:51]} 29. Rh3 {[%emt 0:00:42]} g5 {[%emt 0:00:36]} 30. Nxe4 {[%emt 0:01:11]} Bd5 {[%emt 0:01:05]} 31. Kg3 Bxe4 {[%emt 0:01:21]} 32. Qxe4 {[%emt 0:00:32]} f5 {[%emt 0:00:31]} 33. gxf5 {[%emt 0:00:12]} Rc3 {[%emt 0:00:31]} 34. Qe5+ {[%emt 0:00:39]} Kf7 {[%emt 0:00:14]} 35. Qe6+ {[%emt 0:00:20] normal} 1-0

[Event "DVM U16 2019"]
[Site "Magedburg"]
[Date "2019.12.28"]
[Round "4"]
[White "Lohvinov, Petro"]
[Black "Haufe, Laurin"]
[Result "1-0"]
[WhiteElo "2032"]
[BlackElo "2022"]
[Annotator "NA"]
[PlyCount "35"]
[EventDate "2019.12.27"]
[EventType "team-tourn"]
[EventRounds "7"]
[EventCountry "GER"]
[SourceTitle "playchess.com"]
[Source "ChessBase"]
[SourceQuality "1"]
[WhiteTeam "SK München Südost"]
[BlackTeam "SG Leipzig"]
[WhiteTeamCountry "UKR"]
[BlackTeamCountry "GER"]
[TimeControl "40/5400+30:1800+30"]

1. e4 {[%emt 0:00:00]} c5 {[%emt 0:00:00]} 2. Nf3 {[%emt 0:00:00]} d6 {[%emt 0:00:00]} 3. d4 {[%emt 0:00:00]} cxd4 {[%emt 0:00:00]} 4. Nxd4 {[%emt 0:00:00]} Nf6 {[%emt 0:00:00]} 5. Nc3 {[%emt 0:00:00]} a6 {[%emt 0:00:00]} 6. Be3 {[%emt 0:00:00]} e5 {[%emt 0:00:37]} 7. Nb3 {[%emt 0:00:00]} Be6 {[%emt 0:00:17]} 8. f3 {[%emt 0:00:08]} Be7 {[%emt 0:00:07]} 9. Qd2 {[%emt 0:00:05]} b5 {[%emt 0:00:48]} 10. O-O-O {[%emt 0:00:16]} O-O {[%emt 0:00:09]} 11. g4 {[%emt 0:00:20]} Nbd7 {[%emt 0:01:16]} 12. g5 {[%emt 0:00:13]} Nh5 {[%emt 0:00:29]} 13. Ne2 {[%emt 0:06:05]} a5 {[%emt 0:11:26]} 14. Ng3 {[%emt 0:11:52]} Nf4 {[%emt 0:04:41]} 15. Bxb5 {[%emt 0:04:26]} a4 {[%emt 0:03:29]} 16. Nd4 {[%emt 0:01:46]} Bxg5 {[%emt 0:07:11]} 17. Nxe6 {[%emt 0:02:39] normal} Nxe6 {[%emt 0:11:35]} 18. Bxg5 {[%emt 0:00:29]} 1-0

[Event "DVM U16 2019"]
[Site "Magedburg"]
[Date "2019.12.28"]
[Round "4"]
[White "Hundrieser, Malte"]
[Black "Gluma, Christian"]
[Result "1-0"]
[WhiteElo "2003"]
[BlackElo "1856"]
[Annotator "NA"]
[PlyCount "61"]
[EventDate "2019.12.27"]
[EventType "team-tourn"]
[EventRounds "7"]
[EventCountry "GER"]
[SourceTitle "playchess.com"]
[Source "ChessBase"]
[SourceQuality "1"]
[WhiteTeam "Reideburger SV 90 Halle"]
[BlackTeam "SG Bochum"]
[WhiteTeamCountry "GER"]
[TimeControl "40/5400+30:1800+30"]

1. e4 {[%emt 0:00:00]} g6 {[%emt 0:00:00]} 2. d4 {[%emt 0:00:00]} Bg7 {[%emt 0:00:00]} 3. Nc3 {[%emt 0:00:52]} c6 {[%emt 0:00:00]} 4. Nf3 {[%emt 0:01:42]} d5 5. Be2 {[%emt 0:01:09]} dxe4 {[%emt 0:01:53]} 6. Nxe4 Nd7 {[%emt 0:04:12]} 7. O-O {[%emt 0:01:26]} Ngf6 {[%emt 0:03:13]} 8. Ng3 {[%emt 0:03:16]} O-O {[%emt 0:06:55]} 9. c4 {[%emt 0:03:39]} Qc7 10. b3 e5 {[%emt 0:07:04]} 11. dxe5 {[%emt 0:09:40]} Nxe5 {[%emt 0:00:16]} 12. Bb2 {[%emt 0:07:14]} Nfg4 {[%emt 0:11:50]} 13. Nd4 {[%emt 0:01:45]} Rd8 {[%emt 0:07:46]} 14. Qc2 {[%emt 0:16:45]} h5 {[%emt 0:12:25]} 15. Bxg4 {[%emt 0:04:38]} Bxg4 16. Rae1 {[%emt 0:01:07]} h4 {[%emt 0:04:31]} 17. Nge2 h3 18. f4 {[%emt 0:04:36]} hxg2 {[%emt 0:07:17]} 19. Kxg2 {[%emt 0:00:19]} c5 {[%emt 0:13:41]} 20. fxe5 {[%emt 0:12:24]} cxd4 {[%emt 0:01:28]} 21. Nxd4 {[%emt 0:01:01]} Bxe5 {[%emt 0:00:54]} 22. Qe4 {[%emt 0:00:43]} Bxd4 {[%emt 0:00:30]} 23. Bxd4 {[%emt 0:00:30]} Qd7 {[%emt 0:02:24]} 24. Rf4 {[%emt 0:08:45]} Re8 {[%emt 0:00:47]} 25. Be5 {[%emt 0:04:46]} Bf5 {[%emt 0:04:28]} 26. Qd5 Qe7 {[%emt 0:01:11]} 27. Rxf5 {[%emt 0:08:42]} gxf5 {[%emt 0:00:30]} 28. Re3 {[%emt 0:00:54]} f4 {[%emt 0:03:49]} 29. Bxf4 Qh4 {[%emt 0:01:42]} 30. Rg3+ {[%emt 0:02:16]} Kh8 {[%emt 0:02:52]} 31. Be5+ {[%emt 0:02:45] normal} 1-0

[Event "DVM U16 2019"]
[Site "Magedburg"]
[Date "2019.12.28"]
[Round "4"]
[White "Fidlin, Simon"]
[Black "Kotyk, Michael"]
[Result "1/2-1/2"]
[WhiteElo "1907"]
[BlackElo "2103"]
[Annotator "NA"]
[PlyCount "54"]
[EventDate "2019.12.27"]
[EventType "team-tourn"]
[EventRounds "7"]
[EventCountry "GER"]
[SourceTitle "playchess.com"]
[Source "ChessBase"]
[SourceQuality "1"]
[WhiteTeam "Karlsruher SF"]
[BlackTeam "Hamburger SK"]
[BlackTeamCountry "GER"]
[TimeControl "40/5400+30:1800+30"]

1. e4 e5 2. Nf3 Nc6 3. Bb5 a6 4. Ba4 d6 5. c3 Bd7 6. d4 g6 7. O-O Bg7 8. Re1 Nf6 9. Nbd2 O-O 10. Bb3 exd4 11. cxd4 Bg4 12. h3 Bxf3 13. Nxf3 Re8 14. Qd3 Na5 15. Bc2 c5 16. d5 b5 17. Rb1 c4 18. Qd1 Nb7 19. Nd4 Nc5 20. Nc6 Qb6 21. Bf4 Nfxe4 22. Qf3 f5 23. g4 Kh8 24. gxf5 gxf5 25. Kh2 Qc7 26. Be3 Qf7 27. Rg1 Rg8 {normal} 1/2-1/2